000
00159nam a22000857a 4500
082
_a
823
100
_a
BLYTON, ENID
245
_a
5TH FORM AT ST CLARES
942
_c
BK
999
_c
8122
_d
8122